000 01309nam a2200253Ia 4500
999 _c52679
_d52679
001 19703
003 GE_BSU
005 20200328221137.0
008 181216s1969||||ge |||||||||||||| ||geo||
040 _cGE_BSU
041 _ageo
080 _a81(479.22)(092) ყ-36
100 _aყაუხჩიშვილი, სიმონ
_91490
245 _aგრიგოლ ფილიმონის-ძე წერეთელი :
_b[ფილოლოგი. ცხოვრება და მოღვაწეობ] /
_cსიმონ ყაუხჩიშვილი.
264 _aთბილისი :
_bთბილ. უნ-ტის გამ-ბა,
_c1969.
300 _a27 გვ. :
_b 2 ფ. პორტრ. ;
_c19 სმ.
500 _aგ.ფ. წერეთლის სამეცნ. შრომების სია : გვ.23-26. რეცენზიათა სია გ.ფ. წერეთლის შრომებზე : გვ.26-27
541 _h0,40თ.
653 _aგრიგოლ ფილიმონის-ძე წერეთელი
653 _aფილოლოგი
653 _aცხოვრება და მოღვაწეობა
653 _aქართველი ფილოლოგები
942 _cBK
_2udc